Welcome to the Holygrace Academy Library

Please use search bar below to get started

REMARKABLE PLACES (Record no. 6156)

MARC details
000 -LEADER
fixed length control field 00249nam a22001217a 4500
020 ## - INTERNATIONAL STANDARD BOOK NUMBER
ISBN 978-1-4454-2003-5
082 ## - DEWEY DECIMAL CLASSIFICATION NUMBER
Classification number 001
Item number RAR/R
245 ## - TITLE STATEMENT
Title REMARKABLE PLACES
260 ## - PUBLICATION, DISTRIBUTION, ETC. (IMPRINT)
Place of publication UK
Name of publisher PARRAGON
300 ## - PHYSICAL DESCRIPTION
Number of Pages 63
650 ## - SUBJECT ADDED ENTRY--TOPICAL TERM
Topical Term BEAUTY PLACES
Geographic subdivision UK
942 ## - ADDED ENTRY ELEMENTS (KOHA)
Koha item type Books
Holdings
Withdrawn status Lost status Collection code Home library Current library Shelving location Date acquired Source of acquisition Full call number Accession Number Koha item type
    G.K Main Library Main Library SHELF-17E-SCIENCE RELATED BOOKS 16/05/2012 PURCHASE 001 RAR/R 06109 Books